000
00327nam a2200133Ia 4500
005
20251222143152.0
008
251222s9999||||xx |||||||||||||| ||spa||
020
_a
85-86720-03-8
082
_a
577.816.4/P36
100
_a
Pedrazzi, Iria
245
0
_a
FloriaƱapolis Ilha da Naturaleza
264
_b
Mares Do Sul
942
_c
LIB
999
_c
12739
_d
12739